Russian foreign policy ; essays in historical perspective /

Bibliographic Details
Corporate Authors: Conference on a Century of Russian Foreign Policy Yale University, Yale University
Other Authors: Lederer, Ivo J.
Format: Conference Proceeding Book
Language:English
Published: New Haven : Yale University Press, 1962.
Subjects:

MARC

Tag First Indicator Second Indicator Subfields
LEADER 00000cam a22000001 4500
001 in00000059498
005 20151007082459.0
008 720427s1962 ctu b 10000 eng
010 |a  62008251  
035 |a (OCoLC)00265300 
035 |9 AAF7941AM 
040 |a DLC  |c DLC  |d TXA  |d UtOrBLW 
043 |a e-ur--- 
049 |a TXAM  |c [355164] 
050 0 0 |a DK61  |b .C65 
082 0 |a 327.47 
092 |a 327.47063  |b C748r 
111 2 |a Conference on a Century of Russian Foreign Policy  |d (1961 :  |c Yale University) 
245 1 0 |a Russian foreign policy ;  |b essays in historical perspective /  |c Edited by Ivo J. Lederer. 
264 1 |a New Haven :  |b Yale University Press,  |c 1962. 
300 |a xxiii, 620 pages ;  |c 24 cm. 
336 |a text  |b txt  |2 rdacontent 
337 |a unmediated  |b n  |2 rdamedia 
338 |a volume  |b nc  |2 rdacarrier 
504 |a Bibliographical footnotes. 
651 0 |a Soviet Union  |x Foreign relations  |x Congresses. 
700 1 |a Lederer, Ivo J. 
710 2 |a Yale University. 
999 |a MARS 
999 f f |s 89a51dc3-56bb-3133-b61b-be9daf0b7f3e  |i fac249c6-e3b7-381d-9439-f5fc575b17b0  |t 0 
952 f f |p normal  |a Texas A&M University  |b College Station  |c Sterling C. Evans Library  |d Evans: Library Stacks  |t 0  |e DK61 .C65  |h Library of Congress classification  |i unmediated -- volume  |m A14800676036 
998 f f |a DK61 .C65  |t 0  |l Evans: Library Stacks